header

Mendelssohn perspectives (Record no. 212673)

MARC details
000 -LEADER
fixed length control field 01546nam a2200337 a 4500
082 04 - DEWEY DECIMAL CLASSIFICATION NUMBER
Classification number 780.92
245 00 - TITLE STATEMENT
Title Mendelssohn perspectives
260 ## - PUBLICATION, DISTRIBUTION, ETC. (IMPRINT)
Place of publication Farnham, Surrey, England ;
-- Burlington, Vt. :
Name of publisher Ashgate,
Year of publication 2012.
300 ## - PHYSICAL DESCRIPTION
Number of Pages xxii, 368 p. :
Other physical details ill., music.
505 0# - FORMATTED CONTENTS NOTE
Formatted contents note pt. 1. Mendelssohn's Jewishness -- pt. 2. Between tradition and innovation -- pt. 3. Mendelssohn and the stage -- pt. 4. Style and compositional process -- pt. 5. Contemporary views and posthumous perspectives.
650 #0 - SUBJECT ADDED ENTRY--TOPICAL TERM
Topical Term Quotation in music.
700 1# - ADDED ENTRY--PERSONAL NAME
Personal name Grimes, Nicole.
Personal name Mace, Angela.
856 40 - ELECTRONIC LOCATION AND ACCESS
Uniform Resource Identifier http://site.ebrary.com/lib/rucke/Doc?id=10596981

No items available.

© 2026 Rongo University
Contact us: librarian | system librarian | Rongo university